=LDR 00000nam 2200000 4500 =001 INLIS000000000013383 =005 20130612104803 =008 ***********************************Ind** =035 ##$$0010-061300000013383 =041 ##$$a Ind =082 ##$$a 92(Queeni Chang) =090 ##$$a 92(Queeni Chang), Que m =100 ##$$a Queeni Chang =245 ##$$a Memories ofa nonia(Kisah hidup dan cinta seorang wanita cina terkaya di medan), Queeni Chang =260 ##$$a 2003 $b Jakarta =300 ##$$a 168 hlm, Ilus, 22 cm =650 ##$$a Biografi =850 ##$$a NBPNMAT